Personnages de Stardew Valley - Statistiques

Statistiques générales
  • Ce quiz a été pris 115 fois
  • Le résultat moyen est 24 sur 33
Statistiques - réponses
Hint Réponse % Correct
Celib H Alex
86%
Celib H Sam
86%
Celib H Harvey
85%
Celib F Emily
84%
Celib H Elliott
83%
Celib F Leah
83%
Celib H (mais pas touche) Sebastian <3
83%
Celib F Abigail
81%
Non candidat au mariage Lewis
81%
Non candidat au mariage Marnie
81%
Celib F Penny
81%
Non candidat au mariage Demetrius
80%
Non candidat au mariage Clint
78%
Celib H (bouuuuuh) Shane
78%
Celib F Haley
77%
Celib F Maru
77%
Non candidat au mariage Robine
77%
Non candidat au mariage Pierre
76%
Non candidat au mariage Pam
75%
Non candidat au mariage Linus
74%
Non candidat au mariage Vincent
72%
Non candidat au mariage Caroline
70%
Non candidat au mariage Willy
70%
Non candidat au mariage Jas
67%
Non candidat au mariage George
65%
Non candidat au mariage Jodi
65%
Non candidat au mariage Evelyn
64%
Non candidat au mariage Krobus
63%
Non candidat au mariage Sorcier
60%
Non candidat au mariage Kent
58%
Non candidat au mariage Sandy
58%
Non candidat au mariage Nain
51%
Non candidat au mariage Leo
38%
Aucun quiz correspondant
Distribution des résultats
% des personnes avec chaque résultat
Percentile par nombre de réponses
Votre historique - résultats
Vous n’avez pas pris ce quiz